000 00545nam a2200181 a 4500
001 0838
005 20140414131846.0
008 040930s19uu xx 00 eng d
020 _a0-02-181005-2
050 _aM 372.4
_bAo4 1997
100 _aAoki, Elaine Mei
245 _aSpotlight on literacy /
_cElaine Mei Aoki, et al.
260 _aNew York :
_bMacmillan/McGraw-Hill,
_c1997.
300 _a363 p. ; G18 p. ; cm.
500 _aContents: Family fun--Eureka!--Better together.
650 _aReading
_xStudy and teaching.
999 _c109958
_d109958